000 00241nam a2200097Ia 4500
001 726471
005 20250826163429.0
008 250824s9999 xx 000 0 und d
245 0 _aBARAJ
_cRAMAZAN YASİN GÜNEY
260 _bATLIKARINCA YAYINLARI
999 _c726471
_d726471